Fr. Conceicao Rodrigues College of Engineering

Beginning python: using python 2.6 and python 3.1 (Record no. 19679)

MARC details
000 -LEADER
fixed length control field 00344nam a2200169Ia 4500
082 ## - DEWEY DECIMAL CLASSIFICATION NUMBER
Item number PAY
100 ## - MAIN ENTRY--PERSONAL NAME
Personal name Payne/James
245 ## - TITLE STATEMENT
Title Beginning python: using python 2.6 and python 3.1
260 ## - PUBLICATION, DISTRIBUTION, ETC.
Name of publisher, distributor, etc. Wiley
Date of publication, distribution, etc. 2010
366 ## - TRADE AVAILABILITY INFORMATION
Publishers's discount category 20
300 ## - PHYSICAL DESCRIPTION
Extent 588
546 ## - LANGUAGE NOTE
Language note ENGLISH
650 ## - SUBJECT ADDED ENTRY--TOPICAL TERM
Topical term or geographic name entry element Python
654 ## - SUBJECT ADDED ENTRY--FACETED TOPICAL TERMS
Focus term python
942 ## - ADDED ENTRY ELEMENTS (KOHA)
Koha item type BOOK
Holdings
Withdrawn status Lost status Damaged status Not for loan Collection Home library Current library Date acquired Source of acquisition Cost, normal purchase price Inventory number Total Checkouts Full call number Barcode Date last seen Cost, replacement price Price effective from Koha item type Date due Date last checked out
        CRC Fr. Agnel's C.Rodrigues College of Engineering Fr. Agnel's C.Rodrigues College of Engineering 17/03/2023 Allied Publisher 479.20 460 dt 1.8.2017   PAY 24863 17/03/2023 599.00   BOOK    
        CRC Fr. Agnel's C.Rodrigues College of Engineering Fr. Agnel's C.Rodrigues- College of Engineering 17/03/2023 Allied Publisher 479.20 460 dt 1.8.2017 1 PAY 24864 12/06/2023 599.00   BOOK 17/01/2020 12/06/2023